<?xml version="1.0" encoding="UTF-8"?><?xml-stylesheet type="text/xsl" href="static/style.xsl"?><OAI-PMH xmlns="http://www.openarchives.org/OAI/2.0/" xmlns:xsi="http://www.w3.org/2001/XMLSchema-instance" xsi:schemaLocation="http://www.openarchives.org/OAI/2.0/ http://www.openarchives.org/OAI/2.0/OAI-PMH.xsd"><responseDate>2026-04-26T20:23:12Z</responseDate><request verb="GetRecord" identifier="oai:uvadoc.uva.es:10324/2846" metadataPrefix="marc">https://uvadoc.uva.es/oai/request</request><GetRecord><record><header><identifier>oai:uvadoc.uva.es:10324/2846</identifier><datestamp>2025-02-19T08:56:16Z</datestamp><setSpec>com_10324_1138</setSpec><setSpec>com_10324_931</setSpec><setSpec>com_10324_894</setSpec><setSpec>col_10324_1226</setSpec></header><metadata><record xmlns="http://www.loc.gov/MARC21/slim" xmlns:doc="http://www.lyncode.com/xoai" xmlns:xsi="http://www.w3.org/2001/XMLSchema-instance" xmlns:dcterms="http://purl.org/dc/terms/" xsi:schemaLocation="http://www.loc.gov/MARC21/slim http://www.loc.gov/standards/marcxml/schema/MARC21slim.xsd">
<leader>00925njm 22002777a 4500</leader>
<datafield tag="042" ind1=" " ind2=" ">
<subfield code="a">dc</subfield>
</datafield>
<datafield tag="720" ind1=" " ind2=" ">
<subfield code="a">Merino Díaz, Borja</subfield>
<subfield code="e">author</subfield>
</datafield>
<datafield tag="720" ind1=" " ind2=" ">
<subfield code="a">Revilla Calavia, Álvaro</subfield>
<subfield code="e">author</subfield>
</datafield>
<datafield tag="720" ind1=" " ind2=" ">
<subfield code="a">Salvador Calvo, Roberto</subfield>
<subfield code="e">author</subfield>
</datafield>
<datafield tag="720" ind1=" " ind2=" ">
<subfield code="a">González Fajardo, José Antonio</subfield>
<subfield code="e">author</subfield>
</datafield>
<datafield tag="720" ind1=" " ind2=" ">
<subfield code="a">Gutíerrez Alonso, Vicente</subfield>
<subfield code="e">author</subfield>
</datafield>
<datafield tag="720" ind1=" " ind2=" ">
<subfield code="a">Vaquero Puerta, Carlos</subfield>
<subfield code="e">author</subfield>
</datafield>
<datafield tag="260" ind1=" " ind2=" ">
<subfield code="c">2010</subfield>
</datafield>
<datafield tag="520" ind1=" " ind2=" ">
<subfield code="a">Introducción: El síndrome de vena cava su-&#xd;
perior (SVCS) está producido por la dificul-&#xd;
tad del retorno venoso a través de dicho vaso,produciendo clínica general de edema y con-gestión del  hemicuerpo  superior del  organis-mo. Su  etiología  es neoplásica  en  la mayoría de los casos.&#xd;
Caso Clínico: Se presenta el caso de un varón&#xd;
de 65 años diagnosticado de  carcinoma mi-&#xd;
crocítico de pulmón, que ingresa nuestro ser-&#xd;
vicio por presentar cuadro de edema en escla-&#xd;
vina y disnea, siendo diagnosticado de SVCS.&#xd;
Es tratado primeramente con medidas gene-&#xd;
rales  y  tratamiento médico,  realizándose  en los días posteriores  tratamiento  endovascular con  éxito  técnico  y  resolución  completa de  la&#xd;
clínica de congestión venosa en el primer día&#xd;
postoperatorio.&#xd;
Conclusión: El  tratamiento  endovascular&#xd;
del SVCS es un procedimiento eficaz y seguro,&#xd;
que  proporciona una  rápida mejoría  en  la calidad de vida del paciente y en los síntomas compresivos. El  régimen de anticoagulación óptimo debe ser definido.</subfield>
</datafield>
<datafield tag="024" ind2=" " ind1="8">
<subfield code="a">Técnicas Endovasculares, Diciembre (Extra 2010), vol. 13, n. 4. p.3493-3497</subfield>
</datafield>
<datafield tag="024" ind2=" " ind1="8">
<subfield code="a">http://uvadoc.uva.es/handle/10324/2846</subfield>
</datafield>
<datafield tag="024" ind2=" " ind1="8">
<subfield code="a">3493</subfield>
</datafield>
<datafield tag="024" ind2=" " ind1="8">
<subfield code="a">4</subfield>
</datafield>
<datafield tag="024" ind2=" " ind1="8">
<subfield code="a">3497</subfield>
</datafield>
<datafield tag="024" ind2=" " ind1="8">
<subfield code="a">Técnicas Endovasculares</subfield>
</datafield>
<datafield tag="024" ind2=" " ind1="8">
<subfield code="a">13</subfield>
</datafield>
<datafield ind1=" " ind2=" " tag="653">
<subfield code="a">Bronquios - Cáncer</subfield>
</datafield>
<datafield ind1=" " ind2=" " tag="653">
<subfield code="a">Cuidados en fase terminal</subfield>
</datafield>
<datafield tag="245" ind1="0" ind2="0">
<subfield code="a">Tratamiento endovascular en paciente neoplásico con edema y congestión de hemicuerpo superior</subfield>
</datafield>
</record></metadata></record></GetRecord></OAI-PMH>